| 000 | 00614nam a22001937a 4500 | ||
|---|---|---|---|
| 003 | OSt | ||
| 005 | 20260514082212.0 | ||
| 008 | 260430b |||||||| |||| 00| 0 eng d | ||
| 020 | _a978-971-48-0849-2 | ||
| 040 |
_aDWCL-Main Lib _cOC |
||
| 082 | _aFil. 500 Es77 2008 | ||
| 100 | _aEspina, Adela | ||
| 245 |
_aExploring science and technology I : _bintegrated science [teacher's manual] / _cAdela Espina |
||
| 260 |
_bDIWA Scholastoc Press, _cc2008. |
||
| 300 |
_a156 p. ; _c26 cm. |
||
| 504 | _aIncludes references. | ||
| 650 | _aScience - Study and teaching (Secondary). | ||
| 942 |
_2ddc _cBK - FIL _mFil. _n0 |
||
| 999 |
_c10148 _d10148 |
||